El desayuno de los campeones / (Record no. 15638)

MARC details
000 -LEADER
campo de control de longitud fija 03013nam a2200301 i 4500
001 - NÚMERO DE CONTROL
campo de control 15638
003 - IDENTIFICADOR DE NÚMERO DE CONTROL
campo de control ES-MaACL
005 - FECHA Y HORA DE LA ÚLTIMA TRANSACCIÓN
campo de control 20251018063038.0
007 - CAMPO FIJO DE DESCRIPCIÓN FÍSICA--INFORMACIÓN GENERAL
campo de control de longitud fija t|
008 - DATOS DE LONGITUD FIJA--INFORMACIÓN GENERAL
campo de control de longitud fija 000407s1999 sp ||||1| spa d
020 ## - NÚMERO INTERNACIONAL ESTÁNDAR DEL LIBRO
Número Internacional Estándar del Libro 8433969005
040 ## - FUENTE DE CATALOGACIÓN
Centro/agencia transcriptor ES-MaACL
080 ## - NÚMERO DE LA CLASIFICACIÓN DECIMAL UNIVERSAL
Número de la Clasificación Decimal Universal 821.111(73)-31"19"
100 1# - ENTRADA PRINCIPAL--NOMBRE DE PERSONA
Nombre de persona Vonnegut, Kurt,
Fechas asociadas al nombre 1922-2007
9 (RLIN) 242361
Término indicativo de función/relación Autor
245 13 - MENCIÓN DEL TÍTULO
Título El desayuno de los campeones /
Mención de responsabilidad, etc. Kurt Vonnegut ; traducción de Cecilia Ceriani y Txaro Santoro ; con dibujos del autor.
260 ## - PUBLICACIÓN, DISTRIBUCIÓN, ETC.
Lugar de publicación, distribución, etc. Barcelona :
Nombre del editor, distribuidor, etc. Anagrama,
Fecha de publicación, distribución, etc. [1999]
300 ## - DESCRIPCIÓN FÍSICA
Extensión 268 páginas :
Otras características físicas ilustrado ;
Dimensiones 22 cm.
490 1# - MENCIÓN DE SERIE
Mención de serie Panorama de narrativas ;
Designación de volumen o secuencia 440
520 ## - RESUMEN, ETC.
Sumario, etc. Philboyd Studge, un autor de novelas de humor muy negro y decididamente molestas para los bienpensantes, decide a sus cincuenta años de vida escribir su obra definitiva, en la que aparezcan todos los personajes e historias que han quedado flotando como desechos de sus otros libros, todas las ideas que no aprovechó, todos sus recuerdos y hasta sus dibujos. Y Studge, que hace y deshace en su libro como si fuera Dios jugando con el universo, construye a partir del providencial encuentro entre su personaje favorito, Kilgore Trout, desconocido y cincuentón escritor de novelas de ficción científica, y Dwayne Hoover, un acaudalado vendedor de coches que descubre en un libro de Trout un «mensaje» que cree que está destinado sólo a él, una obra total donde cabe todo su caótico universo real e imaginario. Y así, en una novela ficticia que se despliega dentro de una novela real como una sucesión de muñecas rusas, o de cajas chinas, encontraremos los divertidísimos resúmenes de los libros publicados e inéditos del escritor Kilgore Trout, las venturas y desventuras familiares de Dwayne, el demente vendedor de coches cuya mujer se suicidó bebiendo un desatascador de tuberías y que tiene un hijo homosexual y pianista que no es precisamente su descendiente soñado, y también una miríada de sorprendentes personajes secundarios, algunos de los cuales ya han aparecido en otras novelas de Vonnegut, y otros que, como el inefable pintor Rabo Karabekian de Barbazul, retornarán como protagonistas años y libros más tarde... Con "El Desayuno de los Campeones", Vonnegut ha escrito una de las grandes novelas de los años setenta. Los críticos han comparado esta exhuberante y divertidísima farsa sobre los mecanismos de la creación y la aventura de la vida con las obras de Lewis Carroll, y han visto en el ingenuo y a la vez sabio Kilgore Trout una peculiar y original versión de Alicia, trasplantada a la tremenda e inolvidable América de las Maravillas vonnegutiana.
655 #7 - TERMINO DE INDIZACIÓN--GENERO/FORMA
Fuente del término tgfbne
9 (RLIN) 176428
Datos o término principal de género/forma Novelas de humor
700 1# - ENTRADA AGREGADA--NOMBRE PERSONAL
Nombre de persona Ceriani, Cecilia
9 (RLIN) 37519
Término indicativo de función/relación Traductor
700 1# - ENTRADA AGREGADA--NOMBRE PERSONAL
Nombre de persona Santoro, Txaro
9 (RLIN) 103461
Término indicativo de función/relación Traductor
830 00 - PUNTO DE ACCESO ADICIONAL DE SERIE-TÍTULO UNIFORME
Título uniforme Panorama de narrativas
Designación de volumen o secuencia 440
9 (RLIN) 123642
852 ## - LOCALIZACIÓN
Ubicación ES-MaACL
Número de control de estantería L-22698
Sublocalización o colección R.128208
itemnumber 16003
Ubicación en estantería Depósito 2
942 ## - ELEMENTOS DE ENTRADA SECUNDARIOS (KOHA)
Tipo de ítem Koha Libro impreso
Suprimir en OPAC No
Holdings
Estatus retirado Estado de pérdida Estado de daño No para préstamo Biblioteca de origen Biblioteca actual Ubicación en estantería Fecha de adquisición Fuente de adquisición Total de préstamos Signatura topográfica completa Código de barras Visto por última vez Precio de reemplazo Tipo de ítem Koha
        Biblioteca del Ateneo de Madrid Biblioteca del Ateneo de Madrid Depósito 2 17/01/2008     L-22698 1015897 23/02/2023 23/02/2023 Libro impreso